[Event "SLO-chT 28th"]
[Site "Slovenia"]
[Date "2018.11.09"]
[Round "4.3"]
[White "Bozic, Marjan"]
[Black "Simic, Dragan"]
[Result "1/2-1/2"]
[WhiteElo "2037"]
[BlackElo "2179"]
[PlyCount "136"]
[EventDate "2018.11.02"]
[EventType "team-tourn"]
[EventRounds "9"]
[EventCountry "SLO"]
[SourceTitle "CBM 187 Extra"]
[Source "ChessBase"]
[SourceDate "2018.11.04"]
[SourceVersion "1"]
[SourceVersionDate "2018.11.04"]
[SourceQuality "1"]
[WhiteTeam "Krsko Triglav"]
[BlackTeam "Maribor Branik"]
[WhiteTeamCountry "SLO"]
[BlackTeamCountry "SLO"]

1. e4 c5 2. Nf3 Nc6 3. d4 cxd4 4. Nxd4 Qb6 5. Nb3 e6 6. Be2 Nf6 7. Bf3 Ne5 8. 0-0 Be7 9. Re1 0-0 10. Qd4 Qc7 11. Bd1 d6 12. Nc3 a6 13. f4 Nc6 14. Qf2 b5 15. a3 Bb7 16. g4 Nd7 17. Re3 Qb6 18. Bf3 Rfd8 19. g5 Nd4 20. Nxd4 Qxd4 21. Re2 Qxf2+ 22. Kxf2 Nb6 23. b3 Rac8 24. Be3 Rxc3 25. Bxb6 Rdc8 26. Ra2 d5 27. exd5 Bc5+ 28. Bxc5 R8xc5 29. Re3 Rxe3 30. Kxe3 Rc3+ 31. Kf2 Bxd5 32. Be2 Kf8 33. Ke1 Bc6 34. Bd3 e5 35. b4 Bd5 36. Ra1 exf4 37. Kd2 Rc6 38. a4 Bc4 39. axb5 axb5 40. Rf1 h6 41. Rxf4 hxg5 42. Rf5 f6 43. Bxc4 bxc4 44. b5 Rc8 45. b6 Ke7 46. Kc3 Kd6 47. Rb5 Kc6 48. Kxc4 Kb7+ 49. Kd3 Rc6 50. Rd5 Kxb6 51. c4 Rc7 52. Kd4 Kc6 53. Ra5 Re7 54. Ra6+ Kb7 55. Ra2 Rd7+ 56. Kc5 f5 57. Rf2 g6 58. Rb2+ Kc7 59. Rb6 Rg7 60. Rf6 g4 61. Kd5 Rh7 62. Rxg6 Rxh2 63. c5 Rd2+ 64. Ke5 Rf2 65. Kd5 Rf3 66. Rg7+ Kd8 67. Kd6 Rd3+ 68. Ke6 Rc3 1/2-1/2

[Event "SLO-chT2 East"]
[Site "Slovenia"]
[Date "2017.11.25"]
[Round "6"]
[White "Kajnih, Danilo"]
[Black "Bozic, Marjan"]
[Result "1-0"]
[WhiteElo "2145"]
[BlackElo "2061"]
[PlyCount "67"]
[EventDate "2017.09.30"]
[EventType "team-tourn"]
[EventRounds "9"]
[EventCountry "SLO"]
[SourceTitle "EXT 2019"]
[Source "ChessBase"]
[SourceDate "2018.10.10"]
[SourceVersion "1"]
[SourceVersionDate "2018.10.10"]
[SourceQuality "1"]

1. c4 Nf6 2. Nc3 d5 3. cxd5 Nxd5 4. g3 g6 5. Bg2 c6 6. Qb3 Nb6 7. Nf3 Bg7 8. 0-0 0-0 9. d3 N8d7 10. Be3 Nf6 11. a4 Be6 12. Qc2 Nbd5 13. Bc5 b6 14. Ba3 Rc8 15. e4 Nxc3 16. bxc3 c5 17. Ng5 Bd7 18. Bb2 Bc6 19. f4 h6 20. Nh3 Ng4 21. Qe2 Qd7 22. f5 h5 23. fxg6 fxg6 24. Nf4 Kh7 25. h3 Nf6 26. e5 Bxg2 27. Qxg2 Ng8 28. Nxg6 Rxf1+ 29. Rxf1 Qxd3 30. Nf4 Qe3+ 31. Kh1 Rd8 32. Qc2+ Kh8 33. Ng6+ Kh7 34. Nf8+ 1-0

[Event "Topusko Amateur op 6th"]
[Site "Topusko"]
[Date "2017.08.19"]
[Round "9"]
[White "Urbanc, Tina"]
[Black "Bozic, Marjan"]
[Result "1/2-1/2"]
[WhiteElo "1469"]
[BlackElo "2090"]
[PlyCount "146"]
[EventDate "2017.08.12"]
[EventType "swiss"]
[EventRounds "9"]
[EventCountry "CRO"]
[SourceTitle "CBM 180 Extra"]
[Source "ChessBase"]
[SourceDate "2017.10.06"]
[SourceVersion "1"]
[SourceVersionDate "2017.10.06"]
[SourceQuality "1"]

1. d4 Nf6 2. e3 g6 3. f4 c5 4. Nf3 Bg7 5. Bd3 cxd4 6. exd4 0-0 7. 0-0 b6 8. Qe2 Bb7 9. c3 d6 10. Nbd2 Qc7 11. Ne4 Nbd7 12. f5 Nxe4 13. Bxe4 Bxe4 14. Qxe4 Nf6 15. Qh4 Qb7 16. fxg6 fxg6 17. Ng5 Nh5 18. Bd2 Rxf1+ 19. Rxf1 Rf8 20. Qg4 Rxf1+ 21. Kxf1 Qa6+ 22. Kg1 Qxa2 23. Qc8+ Bf8 24. Nxh7 Kxh7 25. Qxf8 Qe6 26. Kf2 d5 27. Bg5 Qe4 28. Qxe7+ Qxe7 29. Bxe7 Nf4 30. b4 a5 31. bxa5 bxa5 32. g3 Nd3+ 33. Ke2 Nb2 34. Kd2 Nc4+ 35. Kc2 a4 36. Bg5 Kg7 37. h4 Kf7 38. g4 Nd6 39. Bd2 Ne4 40. Be1 Nf6 41. g5 Ng4 42. Kd3 Ke6 43. c4 Kd6 44. Bb4+ Kc6 45. c5 Nf2+ 46. Ke2 Ne4 47. Kd3 Kb5 48. Ba3 Ng3 49. h5 gxh5 50. g6 Nf5 51. Kc3 h4 52. Bc1 h3 53. Bf4 a3 54. Be5 Ka5 55. c6 Kb6 56. c7 Kb7 57. Kb3 Nxd4+ 58. Bxd4 h2 59. g7 h1Q 60. c8Q+ Kxc8 61. g8Q+ Kd7 62. Qf7+ Kd6 63. Qf6+ Kc7 64. Qe7+ Kc8 65. Qe8+ Kc7 66. Be5+ Kb6 67. Qd8+ Kb7 68. Qc7+ Ka6 69. Qc6+ Ka7 70. Qc7+ Ka6 71. Qc8+ Kb5 72. Qd7+ Kc5 73. Qd6+ Kb5 1/2-1/2

[Event "Topusko Amateur op 6th"]
[Site "Topusko"]
[Date "2017.08.16"]
[Round "6"]
[White "Bozinovic, Bogdan"]
[Black "Bozic, Marjan"]
[Result "1-0"]
[WhiteElo "2210"]
[BlackElo "2090"]
[PlyCount "44"]
[EventDate "2017.08.12"]
[EventType "swiss"]
[EventRounds "9"]
[EventCountry "CRO"]
[SourceTitle "CBM 180 Extra"]
[Source "ChessBase"]
[SourceDate "2017.10.06"]
[SourceVersion "1"]
[SourceVersionDate "2017.10.06"]
[SourceQuality "1"]

1. d4 Nf6 2. c4 c5 3. d5 b5 4. cxb5 a6 5. f3 d6 6. e4 g6 7. Na3 Bg7 8. Ne2 0-0 9. Nc3 Nbd7 10. Be2 axb5 11. Naxb5 Ne8 12. 0-0 Nc7 13. a4 Nxb5 14. Nxb5 Ba6 15. Rb1 Qb6 16. Be3 Qa5 17. Bd2 Qb6 18. Kh1 Rfc8 19. b3 Ne5 20. f4 Nd7 21. Qe1 e6 22. a5 Qb8 1-0

[Event "SLO-CupT"]
[Site "Radenci"]
[Date "2014.05.03"]
[Round "4"]
[White "Tomazini, Aljosa"]
[Black "Bozic, Marjan"]
[Result "1-0"]
[WhiteElo "2283"]
[BlackElo "2082"]
[PlyCount "115"]
[EventDate "2014.05.02"]
[EventType "team-tourn"]
[EventRounds "7"]
[EventCountry "SLO"]
[SourceTitle "EXT 2019"]
[Source "ChessBase"]
[SourceDate "2018.10.10"]
[SourceVersion "1"]
[SourceVersionDate "2018.10.10"]
[SourceQuality "1"]
[WhiteTeam "Slovenska Bistrica Impol"]
[BlackTeam "Krsko Triglav"]
[WhiteTeamCountry "SLO"]
[BlackTeamCountry "SLO"]

1. d4 Nf6 2. Nf3 g6 3. c4 c5 4. d5 b5 5. Bg5 Bg7 6. Nbd2 bxc4 7. e4 d6 8. Bxc4 Nbd7 9. 0-0 0-0 10. Rb1 h6 11. Bf4 Nb6 12. Bd3 e5 13. Bg3 Nh5 14. b4 f5 15. exf5 Nxg3 16. hxg3 gxf5 17. Bb5 e4 18. Nh4 cxb4 19. Ng6 Rf6 20. Nf4 a5 21. Nb3 Ba6 22. Bxa6 Rxa6 23. Nd4 Nd7 24. Nh5 Qe7 25. Nxf6+ Qxf6 26. Ne6 Nc5 27. Nf4 Ra8 28. Rc1 Qf7 29. f3 Re8 30. fxe4 Rxe4 31. Qh5 Bd4+ 32. Kh2 Kg7 33. Rf3 Be5 34. Qxf7+ Kxf7 35. Nh3 Kg6 36. Rcf1 a4 37. Rxf5 b3 38. axb3 Nxb3 39. Rf8 a3 40. Ra8 Nd2 41. Rf2 Nc4 42. Nf4+ Bxf4 43. Rxf4 Rxf4 44. gxf4 Kf5 45. Ra4 Ne3 46. g3 Nxd5 47. Rxa3 Nf6 48. Ra4 Kg4 49. Rd4 d5 50. Kg2 h5 51. Ra4 Ne4 52. Ra8 h4 53. Rg8+ Kf5 54. Rf8+ Kg4 55. Rg8+ Kf5 56. gxh4 Kxf4 57. h5 Nf6 58. h6 1-0

[Event "SLO-chT 22th"]
[Site "Ljubljana"]
[Date "2012.11.24"]
[Round "2"]
[White "Oresek, Branko"]
[Black "Bozic, Marjan"]
[Result "0-1"]
[WhiteElo "1809"]
[BlackElo "2086"]
[PlyCount "66"]
[EventDate "2012.11.23"]
[EventType "team-tourn"]
[EventRounds "9"]
[EventCountry "SLO"]
[SourceTitle "CBM 151 Extra"]
[Source "ChessBase"]
[SourceDate "2012.12.18"]
[SourceVersion "1"]
[SourceVersionDate "2012.12.18"]
[SourceQuality "1"]
[WhiteTeam "Ptuj Tehcenter"]
[BlackTeam "Krsko Triglav"]
[WhiteTeamCountry "SLO"]
[BlackTeamCountry "SLO"]

1. e4 c5 2. Nc3 d6 3. f4 Nc6 4. Bb5 Bd7 5. Nf3 e6 6. 0-0 Be7 7. d3 Nd4 8. Bxd7+ Qxd7 9. Ne2 Nxf3+ 10. Rxf3 Bf6 11. c3 Ne7 12. d4 cxd4 13. Nxd4 e5 14. Nb3 Qc6 15. Qe2 a5 16. Rd3 a4 17. Nd2 exf4 18. Nf3 Ng6 19. Nd4 Qa6 20. Qf1 Be5 21. Rf3 Qb6 22. Qb5+ Qxb5 23. Nxb5 0-0 24. Nc7 Rac8 25. Nd5 Rc4 26. Bxf4 Nxf4 27. Nxf4 Rxe4 28. Nd3 Bf6 29. a3 Rfe8 30. Raf1 Re2 31. R1f2 Bg5 32. Kf1 R2e3 33. Nb4 Re1# 0-1

[Event "SLO-chT2 East"]
[Site "Brezice Maribor"]
[Date "2008.06.07"]
[Round "3"]
[White "Bozic, Marjan"]
[Black "Frangez, Simon"]
[Result "0-1"]
[WhiteElo "2091"]
[BlackElo "2204"]
[PlyCount "45"]
[EventDate "2008.10.24"]
[EventType "team-tourn"]
[EventRounds "9"]
[EventCountry "SLO"]
[SourceTitle "EXT 2010"]
[Source "ChessBase"]
[SourceDate "2010.11.25"]
[SourceVersion "1"]
[SourceVersionDate "2010.11.25"]
[SourceQuality "1"]

1. e4 e6 2. d4 d5 3. exd5 exd5 4. Bd3 Bd6 5. c3 Nc6 6. Qc2 h6 7. Be3 Nge7 8. Nd2 Bg4 9. h3 Bh5 10. g4 Bg6 11. 0-0-0 Qd7 12. f4 Bxd3 13. Qxd3 0-0-0 14. Ngf3 f6 15. f5 h5 16. Nh4 Rdg8 17. Ng2 hxg4 18. hxg4 g6 19. Nh4 gxf5 20. gxf5 Rh5 21. Ng6 Qxf5 22. Nxe7+ Nxe7 23. Kc2 0-1

[Event "SLO-chT2 East"]
[Site "Brezice Maribor"]
[Date "2008.06.07"]
[Round "4"]
[White "Bozic, Marjan"]
[Black "Majcenovic, Martin"]
[Result "1/2-1/2"]
[WhiteElo "2091"]
[BlackElo "1979"]
[PlyCount "20"]
[EventDate "2008.10.24"]
[EventType "team-tourn"]
[EventRounds "9"]
[EventCountry "SLO"]
[SourceTitle "EXT 2010"]
[Source "ChessBase"]
[SourceDate "2010.11.25"]
[SourceVersion "1"]
[SourceVersionDate "2010.11.25"]
[SourceQuality "1"]

1. e4 e6 2. d4 d5 3. exd5 exd5 4. Bd3 Bd6 5. c3 Ne7 6. Qc2 h6 7. Ne2 0-0 8. 0-0 c6 9. Bf4 Qc7 10. Bxd6 Qxd6 1/2-1/2

[Event "SLO-chT2 East"]
[Site "Velenje"]
[Date "2006.06.06"]
[Round "3"]
[White "Ocepek, Martin"]
[Black "Bozic, Marjan"]
[Result "1/2-1/2"]
[WhiteElo "1955"]
[BlackElo "2091"]
[PlyCount "51"]
[EventDate "2006.05.21"]
[EventType "team"]
[EventRounds "9"]
[EventCountry "SLO"]
[SourceTitle "EXT 2008"]
[Source "ChessBase"]
[SourceDate "2007.11.25"]
[SourceVersion "1"]
[SourceVersionDate "2007.11.25"]
[SourceQuality "1"]

1. d4 Nf6 2. Nf3 g6 3. c4 Bg7 4. Nc3 d5 5. e3 0-0 6. b3 b6 7. cxd5 Nxd5 8. Nxd5 Qxd5 9. Bc4 Qh5 10. Ne5 Qxd1+ 11. Kxd1 Bb7 12. f3 c5 13. Bb2 Bxe5 14. dxe5 e6 15. Ke2 Nc6 16. Rhd1 Rfd8 17. Rxd8+ Rxd8 18. Rd1 Rxd1 19. Kxd1 Kf8 20. Kd2 Ke7 21. Bc3 Kd7 22. e4 Nb8 23. Ke3 Ke7 24. h4 Ba6 25. Bxa6 Nxa6 26. Kf4 1/2-1/2

[Event "SLO-chT2 East"]
[Site "Velenje"]
[Date "2006.06.06"]
[Round "2"]
[White "Tolic, Mato"]
[Black "Bozic, Marjan"]
[Result "1-0"]
[WhiteElo "2035"]
[BlackElo "2091"]
[PlyCount "67"]
[EventDate "2006.05.21"]
[EventType "team"]
[EventRounds "9"]
[EventCountry "SLO"]
[SourceTitle "EXT 2008"]
[Source "ChessBase"]
[SourceDate "2007.11.25"]
[SourceVersion "1"]
[SourceVersionDate "2007.11.25"]
[SourceQuality "1"]

1. e4 c5 2. Nc3 d6 3. Nf3 e6 4. d4 cxd4 5. Nxd4 Nf6 6. Be3 a6 7. f3 b5 8. Qd2 Nbd7 9. g4 Ne5 10. g5 Nfd7 11. 0-0-0 Qc7 12. Kb1 Nc4 13. Bxc4 bxc4 14. Ka1 Rb8 15. Rb1 Nc5 16. Rhe1 Bd7 17. f4 Qa5 18. Qe2 Bb5 19. Bd2 Qc7 20. f5 e5 21. Nf3 Be7 22. Nd5 Qd8 23. Qg2 Bc6 24. f6 gxf6 25. gxf6 Bxf6 26. Ba5 Qxa5 27. Nxf6+ Kd8 28. Qg7 Rb4 29. Qxh8+ Kc7 30. Re3 Ra4 31. Ra3 Rxa3 32. bxa3 Qc3+ 33. Rb2 Bb5 34. Nd5+ 1-0

[Event "SLO-chT East"]
[Site "Slovenia"]
[Date "2005.10.29"]
[Round "8.2"]
[White "Bozic, Marjan"]
[Black "Spalir, Branko"]
[Result "1-0"]
[WhiteElo "2130"]
[BlackElo "2109"]
[PlyCount "33"]
[EventDate "2005.10.19"]
[EventType "team"]
[EventRounds "9"]
[EventCountry "SLO"]
[SourceTitle "EXT 2009"]
[Source "ChessBase"]
[SourceDate "2008.11.26"]
[SourceVersion "1"]
[SourceVersionDate "2008.11.26"]
[SourceQuality "1"]

1. e4 e5 2. Nf3 Nc6 3. Bc4 Be7 4. d3 Nf6 5. c3 0-0 6. 0-0 d6 7. Nbd2 Bg4 8. h3 Bh5 9. Re1 Qd7 10. Bb3 h6 11. Nf1 Rfe8 12. Ng3 Bxf3 13. Qxf3 Na5 14. Bc2 Nh7 15. Nf5 Bf8 16. Qg4 Kh8 17. Nxh6 1-0

[Event "SLO-chT East"]
[Site "Slovenia"]
[Date "2005.10.23"]
[Round "5.2"]
[White "Brinovec, Dusan"]
[Black "Bozic, Marjan"]
[Result "1-0"]
[WhiteElo "2266"]
[BlackElo "2130"]
[PlyCount "87"]
[EventDate "2005.10.19"]
[EventType "team"]
[EventRounds "9"]
[EventCountry "SLO"]
[SourceTitle "EXT 2009"]
[Source "ChessBase"]
[SourceDate "2008.11.26"]
[SourceVersion "1"]
[SourceVersionDate "2008.11.26"]
[SourceQuality "1"]

1. d4 Nf6 2. Nf3 g6 3. Nc3 d5 4. Bg5 Bg7 5. Bxf6 Bxf6 6. e4 dxe4 7. Nxe4 c6 8. Nxf6+ exf6 9. Qd2 Be6 10. Qb4 Qe7 11. Qxe7+ Kxe7 12. 0-0-0 Nd7 13. Nd2 Rad8 14. Ne4 f5 15. Nc3 Nb6 16. Be2 Rhe8 17. Bf3 Kd6 18. Rhe1 f6 19. b3 Bf7 20. Rxe8 Rxe8 21. Kd2 g5 22. g3 Re7 23. Ne2 Bd5 24. Bxd5 Nxd5 25. c4 Nc7 26. Nc3 h5 27. Re1 Rh7 28. Nd1 Ne6 29. Kd3 f4 30. Nc3 f5 31. d5 Nc5+ 32. Kd4 fxg3 33. fxg3 h4 34. b4 Na6 35. c5+ Kd7 36. a3 hxg3 37. hxg3 Nc7 38. d6 Ne6+ 39. Ke5 Rf7 40. Rf1 b6 41. cxb6 axb6 42. Na4 Ng7 43. Nxb6+ Kd8 44. Rc1 1-0

[Event "SLO-ch 15th"]
[Site "Ptuj"]
[Date "2005.08.17"]
[Round "7"]
[White "Spelec, Darko"]
[Black "Bozic, Marjan"]
[Result "1/2-1/2"]
[WhiteElo "2066"]
[BlackElo "2130"]
[PlyCount "24"]
[EventDate "2005.08.12"]
[EventType "swiss"]
[EventRounds "9"]
[EventCountry "SLO"]
[SourceTitle "CBM 107 Extra"]
[Source "ChessBase"]
[SourceDate "2005.09.01"]
[SourceVersion "1"]
[SourceVersionDate "2005.09.01"]
[SourceQuality "1"]

1. d4 Nf6 2. Bg5 g6 3. Bxf6 exf6 4. e3 Bg7 5. g3 0-0 6. Bg2 c5 7. d5 d6 8. c4 f5 9. Nc3 Qa5 10. Nge2 a6 11. Qb3 b5 12. 0-0 Bb7 1/2-1/2

[Event "Ljubljana op 9th"]
[Site "Ljubljana"]
[Date "1998.??.??"]
[Round "8"]
[White "Semrl, Marjan"]
[Black "Bozic, Marjan"]
[Result "1-0"]
[WhiteElo "2240"]
[BlackElo "2110"]
[PlyCount "49"]
[EventDate "1998.06.??"]
[EventType "swiss"]
[EventRounds "9"]
[EventCountry "SLO"]
[SourceTitle "EXT 1999"]
[Source "ChessBase"]
[SourceDate "1998.11.16"]
[SourceVersion "1"]
[SourceVersionDate "1998.11.16"]
[SourceQuality "1"]

1. Nc3 d5 2. e4 d4 3. Nb1 e5 4. Bc4 Nf6 5. d3 Bd6 6. Ne2 Qe7 7. Bg5 Be6 8. Nd2 h6 9. Bxf6 Qxf6 10. 0-0 h5 11. c3 dxc3 12. bxc3 Nd7 13. f4 exf4 14. d4 Bxc4 15. Nxc4 Qe6 16. Nxd6+ Qxd6 17. Nxf4 0-0-0 18. Qb3 g5 19. Rab1 b6 20. Nd5 Rhe8 21. Rbe1 f6 22. Nb4 Re7 23. Qc4 Nb8 24. Nd5 Re6 25. Nxc7 1-0

[Event "Ljubljana op 8th"]
[Site "Ljubljana"]
[Date "1997.??.??"]
[Round "4"]
[White "Bozic, Marjan"]
[Black "Pavasovic, Dusko"]
[Result "0-1"]
[WhiteElo "2110"]
[BlackElo "2460"]
[PlyCount "40"]
[EventDate "1997.06.??"]
[EventType "swiss"]
[EventRounds "9"]
[EventCountry "SLO"]
[SourceTitle "EXT 1998"]
[Source "ChessBase"]
[SourceDate "1997.11.17"]
[SourceVersion "1"]
[SourceVersionDate "1997.11.17"]
[SourceQuality "1"]

1. d4 d5 2. c4 e6 3. Nc3 c6 4. e4 dxe4 5. Nxe4 Bb4+ 6. Bd2 Qxd4 7. Bxb4 Qxe4+ 8. Ne2 Nd7 9. Qd2 c5 10. Bc3 Ngf6 11. Qd6 a5 12. f3 Qc2 13. Rc1 Qf5 14. Ng3 Qg5 15. f4 Qh4 16. Bxf6 Qxf6 17. Ne4 Qxb2 18. Rd1 Ra6 19. Qc7 0-0 20. Nd6 Qb4+ 0-1

[Event "Ljubljana op 6th"]
[Site "Ljubljana"]
[Date "1995.??.??"]
[Round "8"]
[White "Guid, Matej"]
[Black "Bozic, Marjan"]
[Result "1-0"]
[WhiteElo "2155"]
[BlackElo "2070"]
[PlyCount "29"]
[EventDate "1995.06.??"]
[EventType "swiss"]
[EventRounds "9"]
[EventCountry "SLO"]
[SourceTitle "EXT 1998"]
[Source "ChessBase"]
[SourceDate "1997.11.17"]
[SourceVersion "1"]
[SourceVersionDate "1997.11.17"]
[SourceQuality "1"]

1. d4 d5 2. c4 e6 3. Nc3 Nf6 4. cxd5 exd5 5. Bg5 Be7 6. e3 0-0 7. Bd3 Re8 8. Bxf6 Bxf6 9. Qh5 Bxd4 10. Qxh7+ Kf8 11. Qh8+ Ke7 12. Qh4+ Bf6 13. Qb4+ Ke6 14. Nxd5 Nc6 15. Nf4+ 1-0